[Event "Bordeaux City-ch"]
[Site "Bordeaux"]
[Date "2013.05.10"]
[Round "5"]
[White "Schwarzberg, Christian"]
[Black "Favarel, Antoine"]
[Result "0-1"]
[WhiteElo "1830"]
[BlackElo "2370"]
[PlyCount "64"]
[EventDate "2013.05.08"]
[EventType "swiss"]
[EventRounds "9"]
[EventCountry "FRA"]
[SourceTitle "CBM 154 Extra"]
[Source "ChessBase"]
[SourceDate "2013.06.25"]
[SourceVersion "2"]
[SourceVersionDate "2013.06.25"]
[SourceQuality "1"]

1. e4 c5 2. Nc3 Nc6 3. g3 g6 4. Bg2 Bg7 5. d3 d6 6. Be3 Rb8 7. Qd2 b5 8. Nge2 b4 9. Nd1 Qb6 10. 0-0 Nd4 11. c3 Nxe2+ 12. Qxe2 bxc3 13. bxc3 Nf6 14. Rc1 0-0 15. h3 Nd7 16. f4 Ba6 17. c4 Qa5 18. Qc2 Qa3 19. Bd2 Rb6 20. Bc3 Bd4+ 21. Bxd4 cxd4 22. e5 Nc5 23. Rb1 Rxb1 24. Qxb1 dxe5 25. fxe5 Qxd3 26. Qxd3 Nxd3 27. Nf2 Nxe5 28. Re1 f6 29. Bd5+ Kg7 30. Rd1 Rd8 31. Nd3 Nxd3 32. Rxd3 Rxd5 0-1